Asset management practices of rural banks in the first district of Rizal / (Record no. 89313)

MARC details
000 -LEADER
fixed length control field 03747nam a22002657a 4500
003 - CONTROL NUMBER IDENTIFIER
control field urs
005 - DATE AND TIME OF LATEST TRANSACTION
control field 20260212163953.0
008 - FIXED-LENGTH DATA ELEMENTS--GENERAL INFORMATION
fixed length control field 260204b |||||||| |||| 00| 0 eng d
100 ## - MAIN ENTRY--PERSONAL NAME
Personal name Garcia, Gemma S.
Relator term researcher
245 ## - TITLE STATEMENT
Title Asset management practices of rural banks in the first district of Rizal /
Statement of responsibility, etc. Gemma S. Garcia, Karlen B. Matematico, Tricia Gwen S. Tigue
260 ## - PUBLICATION, DISTRIBUTION, ETC.
Date of publication, distribution, etc. 2025
300 ## - PHYSICAL DESCRIPTION
Extent xv, 114 leaves;
Other physical details 28 cm
336 ## - CONTENT TYPE
Content type term text
Content type code txt
Source rdacontent
337 ## - MEDIA TYPE
Media type term unmediated
Media type code n
Source rdamedia
338 ## - CARRIER TYPE
Carrier type term volume
Carrier type code nc
Source rdacarrier
502 ## - DISSERTATION NOTE
Dissertation note Undergraduate Thesis
Degree type Bachelor of Science in Business Administration Major in Financial Management
Name of granting institution University of Rizal System Binangonan
Year degree granted 2025
504 ## - BIBLIOGRAPHY, ETC. NOTE
Bibliography, etc. note Includes bibliographical references
520 ## - SUMMARY, ETC.
Summary, etc. This thesis investigated the Asset Management Practices of Rural Banks in the First District of Rizal during the 2023-2024 school year. The research aimed to assess the perceptions of rural bank employees regarding the efficiency and effectiveness of current asset management strategies, while also identifying differences in these perceptions based on demographic factors such as age, sex, civil status, educational attainment, monthly income, and length of service. The study employed a descriptive research method, collecting and analyzing data from respondents without manipulating variables to provide a comprehensive view of the asset management dynamics in rural banks located in Angono, Binangonan, Cainta, and Taytay. The theoretical framework was grounded in the Resource-Based View (RBV), which emphasized the strategic leveraging of internal resources for competitive advantage and superior performance. Data was gathered through structured questionnaires and interviews with bank managers, staff, and customers. Statistical tools, including one-way ANOVA and t-tests, were used to analyze the data. The findings revealed that employees generally perceived asset management practices as effective, with mean scores for tangible and intangible practices at 3.91 and 3.94, respectively. However, the study also found statistically significant differences in respondents' perceptions of asset management practices based on certain demographic factors, such as civil status, occupation, and educational attainment. Specifically, managers' perceptions of tangible asset management practices were influenced by civil status, while customers' perceptions of intangible asset management practices were affected by their occupation and educational level. Based on these findings, the study proposed a tailored asset management template designed to improve practices in rural banks within the First District of Rizal. The template addressed the unique challenges faced by these institutions and promoted strategies that enhanced financial sustainability and service delivery. The research contributed valuable insights to the field of asset management in rural banking and offered practical recommendations for enhancing the effectiveness of financial strategies in the First District of Rizal, ultimately fostering local economic development and financial inclusion in the region. The study recommended tailored training programs, strengthening organizational culture, establishing regular feedback mechanisms, and encouraging community engagement initiatives to further enhance asset management practices in rural banks.
700 ## - ADDED ENTRY--PERSONAL NAME
Personal name Matematico, Karlen B.
Relator term researcher
700 ## - ADDED ENTRY--PERSONAL NAME
Personal name Tigue, Tricia Gwen S.
Relator term researcher
700 ## - ADDED ENTRY--PERSONAL NAME
Personal name Oliva, Eusebio S.
Relator term adviser
856 ## - ELECTRONIC LOCATION AND ACCESS
Materials specified Online Request for Student Unpublished Works
Uniform Resource Identifier <a href="https://forms.gle/7LqvGGkaDrUQqz429">https://forms.gle/7LqvGGkaDrUQqz429</a>
856 ## - ELECTRONIC LOCATION AND ACCESS
Uniform Resource Identifier <a href="https://drive.google.com/file/d/1acJ4-LBN2ZicUwnUK-c4EqbDGf2MKV8I/view?usp=sharing">https://drive.google.com/file/d/1acJ4-LBN2ZicUwnUK-c4EqbDGf2MKV8I/view?usp=sharing</a>
942 ## - ADDED ENTRY ELEMENTS (KOHA)
Source of classification or shelving scheme Library of Congress Classification
Koha item type Theses and dissertations
Holdings
Withdrawn status Source of classification or shelving scheme Damaged status Not for loan Home library Current library Date acquired Total Checkouts Full call number Barcode Date last seen Price effective from Koha item type
  Library of Congress Classification     Binangonan College Library Binangonan College Library 02/04/2026   BSFM G1651a 2025 URSBIN-UGT3599 02/04/2026 02/04/2026 Theses and dissertations

University of Rizal System
Email us at univlibservices@urs.edu.ph

Visit our Website www.urs.edu.ph/library